|
|
|
|
| LEADER |
01521nam a22003374a 4500 |
| 001 |
27549 |
| 003 |
BD-DhAAL |
| 005 |
20151014020002.0 |
| 008 |
130924s2012 njua 001 0 eng |
| 010 |
|
|
|a 2010043462
|
| 020 |
|
|
|a 9780132668880
|
| 020 |
|
|
|a 0132668882
|
| 020 |
|
|
|a 9780132549868 (alk. paper)
|
| 020 |
|
|
|a 0132549867 (alk. paper)
|
| 040 |
|
|
|a DLC
|c DLC
|d DLC
|d BD-DhAAL
|
| 050 |
0 |
0 |
|a TK7870
|b .F52 2012
|
| 082 |
0 |
0 |
|a 621.381
|2 22
|
| 100 |
1 |
|
|a Floyd, Thomas L.
|9 1874
|
| 245 |
1 |
0 |
|a Electronic devices :
|b conventional current version /
|c Thomas L. Floyd.
|
| 250 |
|
|
|a 9th ed.
|
| 260 |
|
|
|a New Jersey :
|b Prentice Hall,
|c c2012.
|
| 300 |
|
|
|a xv, 958 p. :
|b ill. ;
|c 29 cm.
|
| 500 |
|
|
|a Includes index.
|
| 541 |
|
|
|e 27549
|
| 650 |
|
0 |
|a Electronic apparatus and appliances.
|9 2140
|
| 650 |
|
0 |
|a Solid state electronics.
|9 2141
|
| 942 |
|
|
|2 ddc
|c BK
|0 2
|
| 999 |
|
|
|c 14018
|d 14018
|
| 952 |
|
|
|0 0
|1 0
|2 ddc
|4 0
|6 621_381500000000000_FLO
|7 0
|9 23495
|a BRACUL
|b BRACUL
|c GEN
|d 2013-09-24
|e Essence Science Publications
|g 5700.00
|l 9
|m 89
|o 621.3815 FLO
|p 3010027549
|r 2018-09-16
|s 2018-01-10
|t 1
|w 2013-09-24
|y BK
|
| 952 |
|
|
|0 0
|1 0
|2 ddc
|4 0
|6 621_381500000000000_FLO
|7 0
|9 23496
|a BRACUL
|b BRACUL
|c GEN
|d 2013-09-24
|e Essence Science Publications
|g 5700.00
|l 11
|m 89
|o 621.3815 FLO
|p 3010027550
|r 2022-08-14
|s 2022-03-21
|t 2
|w 2013-09-24
|y BK
|
| 952 |
|
|
|0 0
|1 0
|2 ddc
|4 0
|6 621_381500000000000_FLO
|7 0
|9 23497
|a BRACUL
|b BRACUL
|c GEN
|d 2013-09-24
|e Essence Science Publications
|g 5700.00
|l 14
|m 118
|o 621.3815 FLO
|p 3010027551
|r 2025-11-15
|s 2025-11-15
|t 3
|w 2013-09-24
|y BK
|